Terapia sistémica de pareja y depresión /

Shranjeno v:
Bibliografske podrobnosti
Glavni avtor: Jones, Elsa (autor)
Drugi avtorji: Asen, K. Eia (autor) (autor)
Format: Knjiga
Jezik:španščina
Izdano: Bilbao, España : Desclée de Brouwer, 2004, c2004
Serija:(Biblioteca de Psicología Desclée de Brouwer ; 129)
Teme:
Oznake: Označite
Brez oznak, prvi označite!

MARC

LEADER 00000nam^a2200000^a^4500
001 000181636
005 20250521000000.0
009 20260310101939.379
020 |a 84-330-1836-1 
037 |a Acervo ITESO - Biblioteca 
041 |a ESP 
082 |a 616. 89166  |b JON 
100 |a Jones, Elsa  |e (autor) 
245 1 0 |a Terapia sistémica de pareja y depresión /  |c Elsa Jones, K.E. Asen ; tr. por Carlos Ballús-Creus, Miriam López Amorós. 
264 4 |a Bilbao, España :  |b Desclée de Brouwer,  |c 2004, c2004 
300 |a 144 p. 
336 |a texto  |b txt  |2 rdacontenido 
337 |a sin mediación  |b n  |2 rdamedio 
338 |a volumen  |b nc  |2 rdasoporte 
440 1 |a (Biblioteca de Psicología Desclée de Brouwer ;  |v 129) 
500 |a Traducción de: Systemic Couple Therapy and Depression 
649 |a XX 
650 |a Depresión 
650 |a Psicopatología 
650 |a Psicoterapia de Pareja 
650 |a Terapia Sistémica 
650 |a Terapia Familiar 
650 |a Psicología Clínica 
700 |a Asen, K. Eia  |e (autor) 
910 |a Fondo General 
920 |a Impresos - Libros 
930 |a Colección General 
905 |a 101 
901 |a 0500121666  |b IT1  |c ACC  |u 20250521 
902 |a https://opac.biblio.iteso.mx/vufind/Record/000181636